| 000 | 00806nam a22002777a 4500 | ||
|---|---|---|---|
| 001 | BR2010004472 | ||
| 003 | BR-BrBNA | ||
| 005 | 20230928103547.0 | ||
| 007 | ta | ||
| 008 | 230509b bl.||||| |||| 00| 0 por d | ||
| 040 |
_aBR-BrBNA _bpor _cBiblioteca Nacional de Agricultura |
||
| 041 | _a(Por) | ||
| 072 | _aE14; D50 | ||
| 090 | _ E14 BR2010004472 | ||
| 110 | 1 |
_aMinistério da Agricultura, Pecuária e Abastecimento, Brasília, DF (Brasil). Secretaria de Apoio Rural e Cooperativismo _97315 |
|
| 245 | 1 | _aOrçamento 2004 lei 10.837 | |
| 260 | 3 |
_aBrasília, DF (Brasil): _c2004. |
|
| 300 | _a65 p. | ||
| 500 | _a6 graphs.; 50 tables | ||
| 650 | _aORÇAMENTO | ||
| 650 | _aLEIS | ||
| 650 | _aFOMENTO AGRÍCOLA | ||
| 650 | _aDIRETRIZ | ||
| 909 |
_a202309 _bLucia _c55 _dLucia Elande |
||
| 942 | _cBK | ||
| 999 |
_c75615 _d75615 |
||